Samachar sankalpana evam anuvad. (Record no. 106428)

MARC details
000 -LEADER
fixed length control field 00584nam a2200205Ia 4500
003 - CONTROL NUMBER IDENTIFIER
control field OSt
005 - DATE AND TIME OF LATEST TRANSACTION
control field 20260407104444.0
008 - FIXED-LENGTH DATA ELEMENTS--GENERAL INFORMATION
fixed length control field 210210b2004 xxu||||| |||| 00| 0 eng d
040 ## - CATALOGING SOURCE
Transcribing agency AL
041 ## - LANGUAGE CODE
Language code of text/sound track or separate title Hindi
082 ## - DEWEY DECIMAL CLASSIFICATION NUMBER
Classification number H491.802 NIDS
100 ## - MAIN ENTRY--PERSONAL NAME
Personal name NIDAR.
Dates associated with a name निडर
9 (RLIN) 260440
245 ## - TITLE STATEMENT
Title Samachar sankalpana evam anuvad.
Remainder of title समाचार संकल्प एवं अनुवाद
260 ## - PUBLICATION, DISTRIBUTION, ETC.
Place of publication, distribution, etc. Mathura
Name of publisher, distributor, etc. Javahar Pustakalay
Date of publication, distribution, etc. 2004
300 ## - PHYSICAL DESCRIPTION
Extent 197
650 ## - SUBJECT ADDED ENTRY--TOPICAL TERM
Topical term or geographic name entry element Samachar anuvad
9 (RLIN) 260441
690 ## - LOCAL SUBJECT ADDED ENTRY--TOPICAL TERM (OCLC, RLIN)
Topical term or geographic name as entry element Hindi Language
9 (RLIN) 260442
906 ## - LOCAL DATA ELEMENT F, LDF (RLIN)
a 059040
942 ## - ADDED ENTRY ELEMENTS (KOHA)
Source of classification or shelving scheme Dewey Decimal Classification
Koha item type Book
Holdings
Withdrawn status Lost status Source of classification or shelving scheme Damaged status Not for loan Collection code Home library Current library Shelving location Date acquired Source of acquisition Cost, normal purchase price Total Checkouts Full call number Barcode Date last seen Price effective from Koha item type
    Dewey Decimal Classification     Hindi St Aloysius Library St Aloysius Library   02/17/2021 Javahar Pustakalay, Mathura. 200.00   H491.802 NIDS 059040 02/17/2021 02/17/2021 Book